000 00835cam a2200181 i 4500
005 20251113125339.0
008 250721b9999 le gr 000 0 ara d
082 1 4 _a213
_bط ح ا
100 1 _aالطحاوي، أبو جعفر أحمد بن محمد بن سلمة الازدي المصري الحنفي.
_dالمتوفي سنة 321ه،
_eمؤلف.
245 1 0 _aمشكل الاثار /
_cالامام الهمام و الحافظ القمقام أبي جعفر أحمد بن محمد بن سلمة الازدي المصري الحنفي الطحاوي.
264 3 1 _aبيروت :
_bدائرة المعارف النظامية،
_c[19-].
300 _a4 اجزاء.
650 1 7 _aالحديث الشريف.
650 1 7 _aالإسلام.
650 1 7 _aالسنة النبوية.
942 _2ddc
_cREF
999 _c26600
_d26600